Kyunghwan Lim

Chattahoochee A


Categories

Fine Arts - Music131002052246.64311
Literature - British410001603081.0015
Literature - American73001354465.6024
Fine Arts - Painting53001052164.6311
Literature - World and Miscellaneous36001052679.6711
Literature - European44001004870.1301
Fine Arts - Opera2100403957.0011
Science - Chemistry2100405370.3301
Science - Biology1200353276.3301
History - American03003088104.0001
RMP - Philosophy0300307295.0000
History - World03003087110.3300
Fine Arts - Jazz1100255564.5001
Fine Arts - Photography02002076101.5000
History - European02002087103.0000
Other - Other Academic and General Knowledge0200207078.0000
Fine Arts - Miscellaneous02002097104.5000
Social Science - Sociology0100107676.0000
Fine Arts - Architecture010010119119.0000
Fine Arts - Film010010136136.0011
Fine Arts - Sculpture0100107979.0000
Geography - World010010117117.0000
History - Cross, Historiography, and Miscellaneous0100107777.0000
RMP - World Mythology010010104104.0000
Science - Physics0100107575.0000
Social Science - Linguistics010010106106.0000
Science - Computer Science010010115115.0000
RMP - Hinduism000000.0000
Current Events - U.S.000000.0000

Buzzes

Fine Arts - MusicBoston014
Fine Arts - Paintinggold2021
Fine Arts - Musicviola2022
Fine Arts - MusicThe Rite of Spring2023
Literature - World and MiscellaneousDeath and the King’s Horseman2026
Fine Arts - Musicvioloncello2028
Literature - BritishSir Arthur Conan Doyle2030
Literature - World and MiscellaneousDerek Walcott031
Science - Biologybeta-actin2032
Fine Arts - MusicPeer Gynt Suite No. 1, Op. 462034